| 000 | 01139nam a2200289 i 4500 | ||
|---|---|---|---|
| 003 | DO-SdBNP | ||
| 005 | 20230807122102.0 | ||
| 007 | ta | ||
| 008 | 150422s2022 dr ao 000 0 spa d | ||
| 040 |
_aDO-SdBNP _bspa _cBNPHU _erda |
||
| 082 |
_222 _axxxxxx _bM869n |
||
| 100 | 1 |
_aMorote, Herbert _d1935- _983896 |
|
| 245 | 1 | 3 |
_aLa novia del viento : _bdesde el 19 de mayo de 2022 8:30 p.m. Sala Ravelo, Teatro Nacional Eduardo Brito / _cHerbert Morote ; reparto Cecilia García, Mario Arturo ; dirección Carlos Espinal ; banda sonora Dante Cucurrullo |
| 264 | 1 |
_aSanto Domingo : _bPrimera Memoria producciones & Films, _c2022. |
|
| 300 |
_a18 páginas _bilustraciones, fotografías _c28 cm. |
||
| 336 |
_2rdacontent _atexto _btxt |
||
| 337 |
_2rdamedia _asin mediación _bn |
||
| 338 |
_2rdacarrier _avolumen _bnc |
||
| 500 | _aPrograma de la obra de teatro. | ||
| 590 | _aInventariado, 2023/ YL | ||
| 700 | 1 | 2 |
_aGarcía, Cecilia _973731 _eactriz |
| 700 | 1 | 2 |
_aArturo, Mario _eactor _983897 |
| 700 | 1 | 2 |
_aEspinal, Carlos _edirección _980189 |
| 700 | 1 | 2 |
_aCucurrullo, Dante _ebanda sonora _983898 |
| 910 | _aYLockward | ||
| 942 |
_2ddc _cLF2 |
||
| 999 |
_c54342 _d54342 |
||